000 00744nam a22002177a 4500
003 OSt
005 20231026174916.0
008 221021b |||||||| |||| 00| 0 eng d
020 _a9968 9824 1 4
040 _cBiblioteca LadoV
082 _a700
_bM986m
110 _9159
_aMuseo de Arte y Diseño Contemporaneo
_eautor
245 _aMesótica II/
260 _aCosta Rica
_bMinisterio de Cultura Juventud y Deportes/
_c1997
300 _a86p.
650 _2Tesauro de Arte & Arquitectura
_aCOSTA RICA
650 _2Tesauro de Arte & Arquitectura
_aARTE
650 _2Tesauro de Arte & Arquitectura
_aARTE CONTEMPORANEO
650 _2Tesauro de Arte & Arquitectura
_aAmerica Central
942 _2ddc
_c1
_h700
_iM986m
_n0
999 _c4494
_d4494